000 00941nam a22002657a 4500
001 4553
003 FISKH
005 20240916141911.0
008 240916b cb ||||| |||| 00| 0 eng d
020 _a9780590132008
040 _aFISKH
_beng
_cFISKH
_dFISKH
050 _aPZ7.P273
082 _2813.54
100 _aPaterson, Katherine
_d1932-
245 _aBridge to terabithia /
_cKatherine Paterson illustrated by Donna Diamond
250 _aPublished in 1977
260 _aNew York :
_bScholastic,
_c1977.
300 _a129 pages :
_c20cm
520 _aThe life of a ten-year-old boy in rural Virginia expands when he becomes friends with a newcomer who subsequently meets an untimely death trying to reach their hideaway, Terabithia, during a storm.
650 _2Young adult
_aFriendship
_vNewbery Medal
650 _2Coming of age
_aImagination
700 _aDiamond, Donna
_dIllustrator
942 _2ddc
_cBK
_n0
999 _c4553
_d4553